Toán kinh tế : Tài liệu hướng dẫn học tập

Cung cấp một số kiến thức toán cơ bản thường được sử dụng trong kinh tế và một số ứng dụng thường gặp.

Đã lưu trong:
書目詳細資料
主要作者: Nguyễn, Ngọc Lam
格式: 圖書
語言:Undetermined
出版: Cần Thơ Nxb. Đại học Cần Thơ 2011
主題:
標簽: 添加標簽
沒有標簽, 成為第一個標記此記錄!
Thư viện lưu trữ: Trung tâm Học liệu Trường Đại học Cần Thơ
LEADER 00791nam a2200205Ia 4500
001 CTU_229357
008 210402s9999 xx 000 0 und d
082 |a 330.0151 
082 |b L104 
100 |a Nguyễn, Ngọc Lam 
245 0 |a Toán kinh tế : 
245 0 |b Tài liệu hướng dẫn học tập 
245 0 |c Nguyễn Ngọc Lam 
260 |a Cần Thơ 
260 |b Nxb. Đại học Cần Thơ 
260 |c 2011 
520 |a Cung cấp một số kiến thức toán cơ bản thường được sử dụng trong kinh tế và một số ứng dụng thường gặp. 
650 |a Economics, mathematical,Kinh tế, toán học 
910 |b nthai 
980 |a Trung tâm Học liệu Trường Đại học Cần Thơ